Buildings and construction (Record no. 113023)

MARC details
000 -LEADER
fixed length control field 01426cad a22002295a 4500
001 - CONTROL NUMBER
control field L154517
008 - FIXED-LENGTH DATA ELEMENTS--GENERAL INFORMATION
fixed length control field 111218s2011 xxk f 000 0 eng d
035 ## - SYSTEM CONTROL NUMBER
System control number (Sirsi) u154517
041 0# - LANGUAGE CODE
Language code of text/sound track or separate title eng
110 2# - MAIN ENTRY--CORPORATE NAME
Corporate name or jurisdiction name as entry element United Kingdom
Subordinate unit HM Revenue and Customs
9 (RLIN) 4833
245 00 - TITLE STATEMENT
Title Buildings and construction
Remainder of title HMRC Reference
-- Notice 708 (November 2011)
Medium [electronic resource]
260 ## - PUBLICATION, DISTRIBUTION, ETC.
Place of publication, distribution, etc. [S.l.]
Name of publisher, distributor, etc. HMRC
Date of publication, distribution, etc. 2011
490 #0 - SERIES STATEMENT
Series statement HMRC Reference
-- Notice 708
Volume/sequential designation November 2011
520 ## - SUMMARY, ETC.
Summary, etc. An update notice about VAT and construction explaining what can be zero-rated or reduced-rated at 5 per cent with wide-ranging frequently asked questions. This notice cancels and replaces Notice 708 (February 2008) and Revenue & Customs Briefs 36/09, 39/09, 81/09, 88/09, 89/09, 92/09, 26/10, and 05/11. Details of the main changes to the previous version can be found in paragraph 1.2 of this notice.
590 ## - LOCAL NOTE (RLIN)
Local note KA NTK
651 #4 - SUBJECT ADDED ENTRY--GEOGRAPHIC NAME
Geographic name United Kingdom
Chronological subdivision
690 ## - LOCAL SUBJECT ADDED ENTRY--TOPICAL TERM (OCLC, RLIN)
Topical term or geographic name as entry element BUILT ENVIRONMENT-CONSTRUCTION MANAGEMENT
690 ## - LOCAL SUBJECT ADDED ENTRY--TOPICAL TERM (OCLC, RLIN)
Topical term or geographic name as entry element BUILT ENVIRONMENT-BUILDING CONTRACT FORMS-STANDARD FORMS OF BUILDING CONTRACT
690 ## - LOCAL SUBJECT ADDED ENTRY--TOPICAL TERM (OCLC, RLIN)
Topical term or geographic name as entry element BUILT ENVIRONMENT-CONSTRUCTION MANAGEMENT-BUILDING CONTRACT ADMINISTRATION
856 40 - ELECTRONIC LOCATION AND ACCESS
Uniform Resource Identifier <a href="https://customs.hmrc.gov.uk/channelsPortalWebApp/channelsPortalWebApp.portal?_nfpb=true&_pageLabel=pageVAT_ShowContent&id=HMCE_CL_000513&propertyType=document#P7_71">https://customs.hmrc.gov.uk/channelsPortalWebApp/channelsPortalWebApp.portal?_nfpb=true&_pageLabel=pageVAT_ShowContent&id=HMCE_CL_000513&propertyType=document#P7_71</a>
Public note View the website free of charge (PDF file) at www.hmrc.gov.uk
942 ## - ADDED ENTRY ELEMENTS (KOHA)
Suppress in OPAC 0
Holdings
Withdrawn status Lost status Source of classification or shelving scheme Damaged status Not for loan Home library Current library Shelving location Date acquired Total Checkouts Full call number Barcode Date last seen Copy number Price effective from Koha item type
    Dewey Decimal Classification     Virtual Virtual Online 18/12/2011   ONLINE PUBLICATION 154517-2001 06/08/2019 1 06/08/2019 Book